| 000 | 00634nam a2200181Ia 4500 | ||
|---|---|---|---|
| 008 | 100920s9999 xx 000 0 und d | ||
| 082 |
_b92192 _a700 न 04 |
||
| 100 | _aघाणेकर मधुसूदन. | ||
| 245 | _aहस्ताक्षरांचे अंतरंग. | ||
| 260 |
_bसुयोग प्रकाशन, पुणे. _c2004 |
||
| 300 |
_a132 _bसाधी |
||
| 365 | _b100 | ||
| 520 | _aकला. | ||
| 630 | _aहस्ताक्षरांचे अंतरंग. | ||
| 650 | _aकला. | ||
| 730 | _aहस्ताक्षरांचे अंतरंग. | ||
| 942 | _cBOOK | ||
| 999 |
_c732638 _d732635 |
||